000 01226nam a2200277Ia 4500
999 _c54136
_d54136
001 21191
003 GE_BSU
005 20210720162554.0
008 181216s2010||||ge |||||||||||||| ||geo||
020 _a9789941912542
040 _cGE_BSU
041 _ageo
080 _a331.106.22 ი-29
100 _aიაშვილი, ნინო
_91031
245 _aტიპიური ხელშეკრულებების კრებული /
_cნინო იაშვილი, ზაურ ნაჭყებია, გიორგი სუხიაშვილი ; რედ. იური პაპასქუა.
264 _aთბილისი :
_bინოვაცია,
_c2010.
300 _a276 გვ. ;
_c20 სმ.
541 _h12ლ.
653 _aეკონომიკა
653 _aმეწარმეობა
653 _aტიპიური ხელშეკრულებები
700 _aნაჭყებია, ზაურ
_eავტორი
_91033
700 _aსუხიაშვილი, გიორგი
_eავტორი
_912303
700 _aპაპასქუა, იური
_eრედაქტორი
_9564
942 _cBK
_2udc